Discographie Louane - Statistiques

Statistiques générales
  • Ce quiz a été pris 85 fois
    84 depuis la dernière actualisation
  • Le résultat moyen est 60 sur 130
Statistiques - réponses
Album Track # Réponse % Correct
Chambre 12 1 Jour 1
100%
Chambre 12 17 Avenir
96%
Chambre 12 2 Avenir (Radio Edit)
96%
Single Jour 1 (Birthday Party Version)
94%
Chambre 12 3 Maman
91%
Chambre 12 22 Maman (Radio Edit)
91%
Sentiments Heureux 5 Secret (English version)
91%
Sentiments Heureux 23 Secret (sad orchestra)
91%
Louane 6 No
81%
Sentiments 1 Secret
81%
Sentiments Heureux 13 Secret
81%
Chambre 12 7 Chambre 12
79%
Louane 4 Si t'étais là
77%
Chambre 12 10 Alien
75%
Chambre 12 20 Chambre 12 (Radio Edit)
75%
Louane 2 On était beau
74%
Chambre 12 5 Jeune
72%
Chambre 12 19 Jeune (j'ai envie)
72%
Chambre 12 23 Jeune (Radio Edit)
72%
Chambre 12 18 Je vole
68%
Autres Je vole
68%
Sentiments 5 La fille
68%
Sentiments Heureux 17 La fille
68%
Joie de vivre 15 Aimer à mort
64%
Joie de vivre (en couleur) 4 Aimer à mort
64%
Sentiments Heureux 6 Pardonne-moi
64%
Sentiments Heureux 3 Pardonne-moi (Acoustique version)
64%
Chambre 12 6 Tourne
64%
Chambre 12 21 Tourne (Radio Edit)
64%
Chambre 12 16 La mère à Titi
60%
Sentiments Heureux 1 Les étoiles
60%
Louane 5 Midi sur novembre
60%
Louane 16 Midi sur novembre ft. Julien Doré
60%
Joie de vivre (en couleur) 5 Derrière le brouillard
58%
Joie de vivre 3 Donne-moi ton cœur
58%
Joie de vivre (en couleur) 1 Donne-moi ton cœur
58%
Chambre 12 4 Nos secrets
58%
Joie de vivre 19 Derrière le brouillard ft. Grand Corps Malade
57%
Sentiments 2 Le bateau coule
57%
Sentiments Heureux 14 Le bateau coule
57%
Joie de vivre (en couleur) 2 Tornade
57%
Single La pluie
51%
Joie de vivre 13 Désolée
49%
Joie de vivre (en couleur) 15 Désolée
49%
Louane 8 Immobile
49%
Joie de vivre 7 3919
45%
Joie de vivre (en couleur) 17 3919
45%
Sentiments Heureux 8 Capitaine
45%
Joie de vivre 4 Poésie indécise
45%
Joie de vivre (en couleur) 7 Poésie indécise
45%
Sentiments 4 Dans ma tête
43%
Sentiments Heureux 16 Dans ma tête
43%
Louane 14 Jour de pluie
43%
Joie de vivre 10 Love
43%
Joie de vivre (en couleur) 12 Love
43%
Chambre 12 12 Notre amour boit la tasse
43%
Sentiments Heureux 10 Nuages
43%
Sentiments Heureux 4 Nuages (Acoustique version)
43%
Louane 9 Nuit pourpre
43%
Sentiments 10 Tu m'as dit
43%
Sentiments Heureux 22 Tu m'as dit
43%
Sentiments Heureux 9 Tu m'as dit (P3gase remix)
43%
Sentiments 3 A quoi tu penses
42%
Sentiments Heureux 15 A quoi tu penses
42%
Louane 1 Non-sens
42%
Chambre 12 11 Nous
42%
Chambre 12 15 Rester seule
42%
Louane 7 Ecchymoses
40%
Louane 13 Lego
40%
Joie de vivre 11 Sans ta voix
40%
Joie de vivre (en couleur) 13 Sans ta voix
40%
Joie de vivre (en couleur) 16 Toute ma vie
40%
Joie de vivre 14 Toute ma vie ft. Soolking
40%
Sentiments 9 Tu me manques
40%
Sentiments Heureux 21 Tu me manques
40%
Sentiments 7 Avant
38%
Sentiments Heureux 19 Avant
38%
Chambre 12 13 Du courage
38%
Chambre 12 9 Incontrôlable
38%
Chambre 12 14 La fuite
38%
Sentiments Heureux 11 Parano
38%
Joie de vivre 8 Peut-être
38%
Joie de vivre (en couleur) 8 Peut-être
38%
Chambre 12 8 Tranquille
38%
Joie de vivre 16 A l'autre
36%
Joie de vivre (en couleur) 11 A l'autre
36%
Louane 15 It Won't Kill Ya
36%
Joie de vivre (en couleur) 9 Les Gens
36%
Louane 3 Sans arrêt
36%
Sentiments 6 Stp
36%
Sentiments Heureux 18 Stp
36%
Louane 10 When We Go Home
36%
Joie de vivre 6 1nterlude
34%
Sentiments 8 Aidez-moi
34%
Sentiments Heureux 20 Aidez-moi
34%
Louane 12 Blonde
34%
Joie de vivre (en couleur) 3 Comment Faire
34%
Joie de vivre 17 Mademoiselle tout le monde
34%
Joie de vivre (en couleur) 18 Mademoiselle tout le monde
34%
Joie de vivre 5 Pleure
34%
Louane 11 Pour oublier l'amour
34%
Joie de vivre 2 Songes
34%
Joie de vivre (en couleur) 6 Songes
34%
Joie de vivre 1 Intro
32%
Joie de vivre 9 J'peux pas
32%
Joie de vivre (en couleur) 10 J'peux pas
32%
Sentiments Heureux 2 Les excuses
32%
Joie de vivre (en couleur) 20 Fais le bien
30%
Joie de vivre 12 Interlud3
30%
Joie de vivre 18 Ta peau
30%
Joie de vivre (en couleur) 19 Ta peau
30%
Joie de vivre (en couleur) 14 Thérapie
30%
Joie de vivre (en couleur) 21 C'est Nouveau
28%
Sentiments Heureux 12 My Own Beat
28%
Sentiments Heureux 7 A quoi tu penses vraiment
26%
Single Game Girl
26%
Autres Je vais t'aimer
26%
Autres Un homme heureux
26%
Autres Imagine
23%
Louane 18 Santa Claus Is Coming To Town
23%
Autres Quelqu'un m'a dit
19%
Louane 17 It's Beginning To Look A Lot Like Christmas
17%
Single Tissues
17%
Autres En chantant
15%
Autres Le chasseur
9%
Single Mon enfance
9%
Autres Partir là-bas
9%
Single La vie là-bas
6%
Autres Toutes les femmes de ta vie
6%
Autres La musique que j'aime
4%
Aucun quiz correspondant
Distribution des résultats
% des personnes avec chaque résultat
Percentile par nombre de réponses
Votre historique - résultats
Vous n’avez pas pris ce quiz depuis la dernière actualisation